000 03214cam a2200733Ii 4500
999 _c6799
_d6799
001 455841
003 GBCCL
005 20241126110612.0
008 060615m19702003stk 000 0 eng d
020 _a9780851514673
_q(v. 1)
020 _a0851514677
_q(v. 1)
020 _a9780851515458
_q(v. 2)
020 _a0851515452
_q(v. 2)
020 _a9780851510347
_q(v. 3)
020 _a0851510345
_q(v. 3)
020 _a9780851510507
_q(v. 4)
020 _a0851510507
_q(v. 4)
020 _a9780851511580
_q(v. 5)
020 _a0851511589
_q(v. 5)
020 _a9780851511801
_q(v. 6)
020 _a0851511805
_q(v. 6)
020 _a9780851512075
_q(v. 7)
020 _a0851512070
_q(v. 7)
020 _a9780851512310
_q(v. 8)
020 _a0851512313
_q(v. 8)
020 _a9780851515793
_q(v. 9)
020 _a0851515797
_q(v. 9)
020 _a9780851517377
_q(v. 10)
020 _a0851517374
_q(v. 10)
020 _a9780851517483
_q(v. 11)
020 _a085151748X
_q(v. 11)
020 _a9780851517940
_q(v. 12)
020 _a0851517943
_q(v. 12)
020 _a9780851518244
_q(v. 13)
020 _a0851518249
_q(v. 13)
020 _a9780851518497
_q(v. 14)
020 _a0851518494
_q(v. 14)
035 _a(OCoLC)ocm70116553
035 _a(OCoLC)70116553
040 _aPIT
_beng
_erda
_cPIT
_dBAKER
_dOCLCQ
_dOCLCF
_dTXA
_dOCLCA
_dOCLCQ
_dLBB
049 _aLBBA
_v1-14
050 4 _aBS2665.4
_b.L54 1970
082 _a227.1077
_bLLO
090 _aBS2665.4
_b.L54 1970
100 1 _aLloyd-Jones, David Martyn,
_eauthor.
_93072
245 1 0 _aRomans /
_cD.M. Lloyd-Jones.
264 1 _aEdinburgh :
_bBanner of Truth Trust,
_c1970-2003.
264 4 _c1970-2003
300 _a14 volumes ;
_c23 cm
336 _atext
_btxt
_2rdacontent
337 _aunmediated
_bn
_2rdamedia
338 _avolume
_bnc
_2rdacarrier
500 _aSermons originally prached at Westminster Chapel.
505 0 _aAn exposition of chapter I : The Gospel of God -- An exposition of chapters 2:1-3:20 : The righteous judgment of God -- An exposition of chapters 3.20-4.25 : Atonement and justification -- An exposition of chapter 5 : Assurance -- An exposition of chapter 6 : The new man -- An exposition of chapters 7.1-8.4 : The law : its functions and limits -- An exposition of chapter 8:5-17 : The sons of God -- An exposition of chapter 8:17-39 : The final perseverance of the saints -- An exposition of chapter 9 : God's sovereign purpose -- An exposition of chapter 10 : Saving faith -- An exposition of chapter 11 : To God's glory -- An exposition of chapter 12 : Christian conduct -- An exposition of chapter 13 : Life in two kingdoms -- An exposition of chapter 14:1-17 : Liberty and conscience.
630 0 0 _aBible.
_pRomans
_vSermons.
_912187
630 0 0 _aBible.
_pRomans
_xCriticism, interpretation, etc.
_94939
630 0 0 _aBible.
_pRomans
_vCommentaries.
_9848
630 0 7 _aBible.
_pRomans.
_2fast
_0(OCoLC)fst01892944
_93486
655 7 _aCommentaries.
_2fast
_0(OCoLC)fst01423723
_9875
655 7 _aCriticism, interpretation, etc.
_2fast
_0(OCoLC)fst01411635
_91372
655 7 _aSermons.
_2fast
_0(OCoLC)fst01423904
_96402
710 2 _aBanner of Truth Trust,
_eissuing body.
_96408
942 _2ddc
_cREF